Czechoslovakia Trends of Economy 1986-1990

Saved in:
Bibliographic Details
Main Author: Nykryn, Jaroslav
Format: Book
Language:English
Published: Prague Czechoslovak Chamber of Commerce and Industry 1986
Edition:1. ed.
Tags: Add Tag
No Tags, Be the first to tag this record!

MARC

LEADER 00000nam a2200000 4500
001 c024092
005 20221220071214.8
041 0 |a eng 
044 |a CZ 
245 1 0 |a Czechoslovakia Trends of Economy 1986-1990  |c Jaroslav Nykryn 
250 |a 1. ed. 
264 1 |a Prague  |b Czechoslovak Chamber of Commerce and Industry  |c 1986 
300 |a 23 s. 
100 1 |a Nykryn, Jaroslav